00700nam a2200181 a 4500008004100000020002200041100003000063245015600093260009900249300003400348500002000382504004200402650003200444650001500476003000100491005001700492040000900509  a0821370529 (pbk.)1 aGorgens-Albino, Marelize.10aThe Africa Multi-country AIDS program, 2000-2006 :bresults of the World Bank`s response to a development crisis /cMarelize Gorgens-Albino... [et al.] aWashington :bThe International Bank for Reconstruction and development/The world Bank,c2007. axiv, 172 p. :bill. ;c23 cm. aIncludes index. aIncludes bibliographical references.  aMulti-country AIDS program. 1aWorld Bank20230120204058.0 cNUST